opac header logoIBA Library

Financial accounting/ (Record no. 666)

MARC details
000 -LEADER
fixed length control field 00378nam a22001577a 4500
003 - CONTROL NUMBER IDENTIFIER
control field BD-DhUIB
005 - DATE AND TIME OF LATEST TRANSACTION
control field 20251115201146.0
008 - FIXED-LENGTH DATA ELEMENTS--GENERAL INFORMATION
fixed length control field 251115b |||||||| |||| 00| 0 eng d
040 ## - CATALOGING SOURCE
Original cataloging agency BD-DhUIB
Transcribing agency BD-DhUIB
050 ## - LIBRARY OF CONGRESS CALL NUMBER
Classification number 657.48
082 ## - DEWEY DECIMAL CLASSIFICATION NUMBER
Edition number 22
100 ## - MAIN ENTRY--PERSONAL NAME
Personal name Thomas, C. William.
9 (RLIN) 1088
245 ## - TITLE STATEMENT
Title Financial accounting/
Statement of responsibility, etc. by William, Thomas C.
526 ## - STUDY PROGRAM INFORMATION NOTE
Program name BBA
942 ## - ADDED ENTRY ELEMENTS (KOHA)
Source of classification or shelving scheme Dewey Decimal Classification
Koha item type Books
Holdings
Withdrawn status Lost status Source of classification or shelving scheme Damaged status Not for loan Collection code Home library Current library Shelving location Date acquired Source of acquisition Total Checkouts Full call number Barcode Date last seen Date last checked out Copy number Price effective from Koha item type
    Dewey Decimal Classification     Non-fiction IBA Library IBA Library General Stacks 09/16/2025 Purchase 1 657.48T452f 00051625 05/10/2026 11/15/2025 C-1 11/15/2025 Books
Copyright © 2021-2026 | IBA Library
Institute of Business Administration (IBA)
University of Dhaka
Library Home | IBA Home